Nightingale Nursing Times (Record no. 1672)

MARC details
000 -LEADER
Fixed length control field 00431nas a2200181za 4500
003 - CONTROL NUMBER IDENTIFIER
Control field IIN
005 - DATE AND TIME OF LATEST TRANSACTION
Control field 20250204112806.0
008 - FIXED-LENGTH DATA ELEMENTS--GENERAL INFORMATION
Fixed length control field 250204c |||mr|j| |||| 00| 0 eng d
022 ## - INTERNATIONAL STANDARD SERIAL NUMBER / ISSN
International Standard Serial Number 0975-2188
040 ## - CATALOGING SOURCE
Original cataloging agency IIN
245 ## - TITLE STATEMENT
Title Nightingale Nursing Times
260 ## - IMPRINT
Place of publication Noida
Name of publisher Nightingale Nursing Times
Date of publication 2014
300 ## - PHYSICAL DESCRIPTION
Page / Vol. No vol. 1 no. 1
310 ## - CURRENT PUBLICATION FREQUENCY
Current publication frequency Monthly
650 ## - SUBJECT ADDED ENTRY--TOPICAL TERM
Topical term NURSING
650 ## - SUBJECT ADDED ENTRY--TOPICAL TERM
Topical term NURSING - PERIODICAL
942 ## - ADDED ENTRY ELEMENTS (KOHA)
Koha item type Serials

No items available.

© Ideal Institute Of Nursing, All rights reserved.         Powered by Koha